000 00294nam a2200133Ia 4500
008 201214s9999 xx 000 0 und d
100 _aSmith, F. G. Walton
245 0 _aHandbook of Marine Science
260 _aOhio
260 _bCRC Press
300 _a627
490 _vVol. I
942 _cBK
999 _c5785
_d5785